000 00499nam a2200169Ia 4500
005 20250326145136.0
008 250326s9999 xx 000 0 und d
037 _aTextbook
040 _aFMSL
_beng
_cFMSL
041 _aeng
_2eng
084 _aX71.44 P9
_qFMSL
100 _aSury M M
245 0 _aBudgets and budgetary procedures in India 1947-48 to 2009-10
_cSury M M
260 _aNew Delhi
_bNew Delhi, New Century
_c2009
942 _cTB
_hX71.44 P9
999 _c1306522
_d1306522